000 01073nam a22003131a 4500
001 3995940
005 20110718134140.0
008 960125s1993 ke b 000 0 eng
010 _a95981900
035 _9(DLC) 95981900
040 _aDLC
_cDLC
041 0 _aengnic
042 _alcode
050 0 0 _aPL 8207.G472S78 1993
_bPL 8207.G472S78 1993
245 0 0 _aStudies in Kigiryama grammar & discourse
_h[Text]
260 _aKilifi, Kenya
_bGiryama Bible Translatio
_c1993
300 _a100 leaves ; 30
500 _aIncludes bibliography [Africana]
504 _aIncludes bibliography [Africana]
546 _aIncludes bibliography [Africana]
650 0 _aGiryama language
_xGrammar.
650 0 _aGiryama language - Discourse analysis.
710 2 _aGiryama Bible Translation & Literacy Pro
906 _a7
_bcbc
_corigode
_d3
_encip
_f19
_gy-gencatlg
922 _aap
985 _eAPIF/ODE-nb
991 _bc-GenColl
_hPL8207.G472
_iS78 1993
_tCopy 1
_wBOOKS
999 _c43948
_d43924